00872nam a2200253 a 450000100060000000300080000600500170001400800410003102000320007203500190010404000270012304100080015008200240015824501300018226000310031230000280034350400410037165000410041265000310045370000210048470000310050570000210053683000610055770264BD-RjUL20211209082000.0170416s1987 nyu b 101 0 eng d a047184800X :c$49.95 (est.) a(BD-RjUL)70478 aDLCcDLCdBD-RjULbeng aeng00a519.5223bNEW 198700aNew perspectives in theoretical and applied statistics /cedited by Madan Lal Puri, José Pérez Vilaplana, Wolfgang Wertz. aNew York :bWiley,cc1987. axxiii, 544 p. ;c24 cm. aIncludes bibliographies and indexes. 0aMathematical statisticsxCongresses. 0aProbabilitiesxCongresses.1 aPuri, Madan Lal.2 aPérez Vilaplana, José.1 aWertz, Wolfgang. aWiley series in probability and mathematical statistics.